|
|
|
|
| LEADER |
00000nam a2200000 a 4500 |
| 001 |
vtls001353868 |
| 003 |
SK-MaSNL |
| 005 |
20260416165621.0 |
| 008 |
240313s1983 xx 0 und |
| 035 |
|
|
|a SNK000307292
|
| 040 |
|
|
|a SNK
|b slo
|c SNK
|e AACR2
|
| 100 |
1 |
|
|a Hlavičková, Vlasta,
|d 1943-
|4 aut
|9 234329
|
| 245 |
1 |
|
|a ABC DEL ESPAŇOL
|
| 260 |
|
|
|a Praha
|b Státní pedagogické nakladatelství
|c 1983
|
| 300 |
|
|
|a 216 s.
|
| 958 |
|
|
|a OND
|
| 999 |
|
|
|c 1163789
|d 1165719
|
| 952 |
|
|
|t P60, <04>, [BOOK], {604}
|a SNK
|b SNK
|y VYP
|7 0
|p 17A0178782
|o snkIB 57291
|0 0
|1 0
|4 0
|d 1999-01-28
|l 0
|r 2005-01-02 00:00:00
|w 2026-02-24
|